| 000 | 00567nam a2200205Ia 4500 | ||
|---|---|---|---|
| 008 | 191130s2006##################000#0#eng## | ||
| 020 | _a9781580421676 | ||
| 022 | _a2005937831 | ||
| 040 |
_aACL _cACL |
||
| 082 | _a795.27 JEN | ||
| 100 | _aJensen, Marten | ||
| 245 |
_aBig book of slots and video poker _cMarten Jensen |
||
| 260 |
_aBrooklyn, NY _bCardoza Publishing _c2006 |
||
| 300 | _a221 p. : ill. ; 24 cm. | ||
| 650 | _aGambling systems | ||
| 650 | _aSlot machines | ||
| 990 | _a9402068dac10000c7add232236b5f582 | ||
| 991 | _a431947 | ||
| 999 |
_c248542 _d248542 |
||